| Tag |
First Indicator |
Second Indicator |
Subfields |
| LEADER |
00000cam a2200000 a 4500 |
| 001 |
in00000019959 |
| 005 |
20151007053757.0 |
| 008 |
870409c19881987nyua b 00110 eng |
| 010 |
|
|
|a 87009073
|
| 020 |
|
|
|a 0816018332
|
| 035 |
|
|
|a (OCoLC)15593689
|
| 035 |
|
|
|9 AAB2789AM
|
| 040 |
|
|
|a DLC
|c DLC
|d TXA
|d UtOrBLW
|
| 049 |
|
|
|a TXAM
|c [A11493970]
|a TXAS [kaid]
|
| 050 |
0 |
0 |
|a QL676.8
|b .F85 1988
|
| 082 |
0 |
|
|a 598/.042
|2 19
|
| 100 |
1 |
|
|a Fuller, Errol.
|
| 245 |
1 |
0 |
|a Extinct birds /
|c Errol Fuller ; foreword by Miriam Rothschild.
|
| 264 |
|
1 |
|a New York, N.Y. :
|b Facts on File,
|c 1988
|
| 264 |
|
4 |
|c ©1987
|
| 300 |
|
|
|a 256 pages :
|b illustrations (some color) ;
|c 29 cm.
|
| 336 |
|
|
|a text
|b txt
|2 rdacontent
|
| 337 |
|
|
|a unmediated
|b n
|2 rdamedia
|
| 338 |
|
|
|a volume
|b nc
|2 rdacarrier
|
| 504 |
|
|
|a Bibliography: pages 245-251.
|
| 500 |
|
|
|a Includes index.
|
| 650 |
|
0 |
|a Extinct birds.
|
| 999 |
|
|
|a MARS
|
| 999 |
f |
f |
|s 76e3a550-f934-3aab-83b2-7500957be7c0
|i 52ca6207-d61f-3530-bfd2-f052b62eaf02
|t 0
|
| 952 |
f |
f |
|p ric
|a Texas A&M University
|b Rellis Campus
|c Joint Library Facility
|d Remote Storage
|t 0
|e QL676.8 .F85 1988
|h Library of Congress classification
|i unmediated -- volume
|m A14811493970
|
| 952 |
f |
f |
|p noncirc
|a Texas A&M University
|b College Station
|c Cushing Memorial Library & Archives
|d Cushing: Kincaid/Misc. (Remote Storage: 2-3 day retrieval)
|t 0
|e QL676.8 .F85 1988
|h Library of Congress classification
|i unmediated -- volume
|
| 998 |
f |
f |
|a QL676.8 .F85 1988
|t 0
|l Remote Storage
|
| 998 |
f |
f |
|a QL676.8 .F85 1988
|t 0
|l Cushing: Kincaid/Misc. (Remote Storage: 2-3 day retrieval)
|